[Event "4. Moscu Open 2008"]
[Site "Moscu RUS"]
[Date "2008.02.02"]
[Round "1.111"]
[White "Kuznetsov, Viktor"]
[Black "Novikov, Valeri"]
[Result "1-0"]
[WhiteElo "2590"]
[BlackElo "2143"]
[PlyCount "84"]
[EventDate "2008.02.02"]
[EventType "swiss"]
[EventRounds "9"]
[EventCountry "RUS"]
[Source "lmi"]
[SourceDate "2008.02.02"]

1. e4 e5 2. Nf3 Nc6 3. Bb5 Nd4 4. Nxd4 exd4 5. O-O Ne7 6. c3 a6 7. Ba4 Nc6 8.
d3 Be7 9. c4 O-O 10. f4 d6 11. a3 Na7 12. Nd2 c5 13. b4 b5 14. Bb3 Rb8 15. bxc5
dxc5 16. e5 Bf5 17. Qf3 Qd7 18. Ne4 Nc6 19. Bd2 bxc4 20. Bxc4 Rb2 21. Ra2 Rfb8
22. Bc1 Rxa2 23. Bxa2 Na5 24. Ng3 Bg4 25. Qe4 Be6 26. Bxe6 fxe6 27. f5 Rf8 28.
Qg4 c4 29. Nh5 Bd8 30. fxe6 Rxf1+ 31. Kxf1 Qe7 32. Nf6+ Kh8 33. Nd5 Qf8+ 34.
Kg1 Nb3 35. Bg5 c3 36. e7 Bxe7 37. Nxe7 Nd2 38. Qc8 Qxc8 39. Nxc8 h6 40. e6
hxg5 41. e7 c2 42. e8=Q+ Kh7 1-0

[Event "4. Moscu Open 2008"]
[Site "Moscu RUS"]
[Date "2008.02.02"]
[Round "1.112"]
[White "Kaljaev, Viacheslav"]
[Black "Kim, Alexey"]
[Result "0-1"]
[WhiteElo "2137"]
[BlackElo "2314"]
[PlyCount "66"]
[EventDate "2008.02.02"]
[EventType "swiss"]
[EventRounds "9"]
[EventCountry "RUS"]
[Source "lmi"]
[SourceDate "2008.02.02"]

1. d4 d5 2. e3 Nf6 3. Nf3 e6 4. Be2 Bd6 5. O-O O-O 6. b3 b6 7. Bb2 Ne4 8. Nbd2
f5 9. Ne5 Ba6 10. Ndf3 Bxe2 11. Qxe2 Nd7 12. c4 Qe8 13. g3 a5 14. a3 Rc8 15.
cxd5 exd5 16. Rfd1 Ndf6 17. h3 c5 18. dxc5 bxc5 19. Rac1 Rb8 20. b4 axb4 21.
axb4 Rxb4 22. Nd3 Qb5 23. Bxf6 Nxf6 24. Qd2 Rb3 25. Qc2 Ne4 26. Rb1 Rb8 27.
Rxb3 Qxb3 28. Qxb3 Rxb3 29. Nxc5 Bxc5 30. Rxd5 Rb1+ 31. Kg2 Rb2 32. Kg1 Rxf2
33. Ng5 Rd2 0-1

[Event "4. Moscu Open 2008"]
[Site "Moscu RUS"]
[Date "2008.02.02"]
[Round "1.113"]
[White "Nakhapetiane, Pogos"]
[Black "Krivolapov, Vasily"]
[Result "1/2-1/2"]
[WhiteElo "2442"]
[BlackElo "2135"]
[PlyCount "67"]
[EventDate "2008.02.02"]
[EventType "swiss"]
[EventRounds "9"]
[EventCountry "RUS"]
[Source "lmi"]
[SourceDate "2008.02.02"]

1. e4 e5 2. Nf3 Nf6 3. Nxe5 d6 4. Nf3 Nxe4 5. d4 d5 6. Bd3 Nc6 7. O-O Be7 8. c4
Nb4 9. Be2 O-O 10. Nc3 Bf5 11. a3 Nxc3 12. bxc3 Nc6 13. Re1 Re8 14. Bf4 Rc8 15.
Bg3 Na5 16. cxd5 Qxd5 17. Ne5 c5 18. Bb5 Red8 19. Qa4 cxd4 20. c4 Qc5 21. Qxa5
a6 22. Nxf7 Kxf7 23. Re5 axb5 24. Rxc5 Rxc5 25. cxb5 d3 26. Bf4 Rc2 27. Rd1 Rd5
28. h3 Bc5 29. Rd2 Rd7 30. b6 Rd5 31. Qa8 Rd7 32. Qa5 Rd5 33. Qa8 Rd7 34. Qa5
1/2-1/2

[Event "4. Moscu Open 2008"]
[Site "Moscu RUS"]
[Date "2008.02.02"]
[Round "1.115"]
[White "Lavrik, Dmitry"]
[Black "Sychev, Klementy"]
[Result "1-0"]
[WhiteElo "2434"]
[BlackElo "2122"]
[PlyCount "85"]
[EventDate "2008.02.02"]
[EventType "swiss"]
[EventRounds "9"]
[EventCountry "RUS"]
[Source "lmi"]
[SourceDate "2008.02.02"]

1. e4 c5 2. c3 d5 3. exd5 Qxd5 4. d4 Nf6 5. Nf3 Bg4 6. dxc5 Qxc5 7. Na3 a6 8.
h3 Bxf3 9. Qxf3 Qd5 10. Be2 e6 11. Nc4 Nbd7 12. Bf4 Rc8 13. Ne3 Qxf3 14. Bxf3
Nc5 15. O-O-O Be7 16. Rhe1 h6 17. Nc4 Nd3+ 18. Rxd3 Rxc4 19. Bd6 b6 20. Bb7 a5
21. f3 Bxd6 22. Rxd6 O-O 23. Ba6 Ra4 24. a3 Rf4 25. Rxb6 Rf5 26. Rb5 Rxb5 27.
Bxb5 Nd5 28. Bf1 Rc8 29. Kb1 Kf8 30. c4 Nb6 31. Rc1 Nd7 32. b3 Nc5 33. Kc2 Rb8
34. Rb1 Na6 35. Kc3 Ke7 36. b4 Nc5 37. Bd3 Na4+ 38. Kc2 axb4 39. axb4 Nb6 40.
Kb3 Nd7 41. Kc3 Rd8 42. c5 Ne5 43. Be4 1-0

[Event "4. Moscu Open 2008"]
[Site "Moscu RUS"]
[Date "2008.02.02"]
[Round "1.116"]
[White "Antipov, Mikhail Al"]
[Black "Mozharov, Mikhail"]
[Result "0-1"]
[WhiteElo "2114"]
[BlackElo "2434"]
[PlyCount "66"]
[EventDate "2008.02.02"]
[EventType "swiss"]
[EventRounds "9"]
[EventCountry "RUS"]
[Source "lmi"]
[SourceDate "2008.02.02"]

1. e4 c5 2. Nf3 e6 3. d4 cxd4 4. Nxd4 Nc6 5. Nb5 d6 6. c4 a6 7. N5c3 Nf6 8. Be3
Be7 9. Be2 O-O 10. O-O Ne5 11. Na3 b6 12. f3 Bb7 13. Qb3 Ned7 14. Rfd1 Qc7 15.
Rac1 Rfe8 16. Qc2 Rac8 17. Qb1 Qb8 18. b4 d5 19. Bd3 a5 20. Nc2 dxe4 21. Nxe4
Bxe4 22. Bxe4 Nxe4 23. fxe4 Nf6 24. bxa5 Ng4 25. g3 Nxe3 26. Nxe3 Bc5 27. Kf2
f5 28. Kf3 Qe5 29. Ng2 Rf8 30. exf5 Rxf5+ 31. Kg4 Qe2+ 32. Kh3 Rh5+ 33. Nh4 g5
0-1

[Event "4. Moscu Open 2008"]
[Site "Moscu RUS"]
[Date "2008.02.02"]
[Round "1.117"]
[White "Batchuluun, Cegmed"]
[Black "Shefer, Alexander"]
[Result "1/2-1/2"]
[WhiteElo "2432"]
[BlackElo "2113"]
[PlyCount "126"]
[EventDate "2008.02.02"]
[EventType "swiss"]
[EventRounds "9"]
[EventCountry "RUS"]
[Source "lmi"]
[SourceDate "2008.02.02"]

1. d4 e6 2. c4 Nf6 3. g3 d5 4. Nf3 Be7 5. Bg2 O-O 6. O-O c6 7. Qc2 Nbd7 8. Bf4
b6 9. cxd5 cxd5 10. Bc7 Qe8 11. Nc3 Bb7 12. Rac1 Nb8 13. Bf4 Nc6 14. a3 Na5 15.
Ne5 Rc8 16. b3 Bd6 17. Qb2 Qe7 18. Nb5 Bb8 19. b4 Nc6 20. Nf3 Nd7 21. Bxb8
Ndxb8 22. Rc2 Nd7 23. Rfc1 a6 24. Nc3 b5 25. Nb1 Nb6 26. Nbd2 Nc4 27. Nxc4 bxc4
28. Qc3 Na7 29. Qd2 Bc6 30. Ra2 Ba4 31. Ne1 Rb8 32. Nc2 Rfd8 33. Ne3 a5 34.
bxa5 Rb3 35. Nd1 Rxa3 36. Nc3 Bb3 37. Raa1 Qb4 38. Ne4 Qxd2 39. Nxd2 Rxa1 40.
Rxa1 Rb8 41. e4 dxe4 42. Bxe4 f5 43. Bf3 Rd8 44. Nxb3 cxb3 45. Rb1 Rb8 46. a6
Rb6 47. Bb7 Kf7 48. Kf1 Ke7 49. Ke2 Nb5 50. Kd3 Nc7 51. Kc3 Nxa6 52. Rxb3 Rxb3+
53. Kxb3 Nc7 54. Kc4 Kd6 55. f4 Ne8 56. Bf3 Nf6 57. Kd3 Nd5 58. Bg2 g6 59. Bf3
h6 60. Bd1 Nf6 61. Bf3 Nd5 62. Be2 Nf6 63. Bf3 Nd5 1/2-1/2

[Event "4. Moscu Open 2008"]
[Site "Moscu RUS"]
[Date "2008.02.02"]
[Round "1.119"]
[White "Pruess, David"]
[Black "Ezhikov, Vitaly"]
[Result "1-0"]
[WhiteElo "2431"]
[BlackElo "2314"]
[PlyCount "50"]
[EventDate "2008.02.02"]
[EventType "swiss"]
[EventRounds "9"]
[EventCountry "RUS"]
[Source "lmi"]
[SourceDate "2008.02.02"]

1. e4 c6 2. d4 d5 3. exd5 cxd5 4. c4 Nf6 5. Nc3 e6 6. Nf3 Bb4 7. cxd5 Nxd5 8.
Bd2 O-O 9. Bd3 Nc6 10. O-O Be7 11. Qe2 Nf6 12. Ne4 Nxd4 13. Nxd4 Qxd4 14. Bc3
Qd8 15. Nxf6+ Bxf6 16. Rfd1 Qe7 17. Qe4 g6 18. Bb4 Qe8 19. Bxf8 Qxf8 20. Rd2
Qc5 21. Rad1 Bd7 22. Qf3 Bd4 23. Bxg6 hxg6 24. Rxd4 Bc6 25. Qf6 Qf8 1-0

[Event "4. Moscu Open 2008"]
[Site "Moscu RUS"]
[Date "2008.02.02"]
[Round "1.121"]
[White "Appolonov, Sergey"]
[Black "Vakhlamov, Igor L"]
[Result "1-0"]
[WhiteElo "2423"]
[BlackElo "2068"]
[PlyCount "51"]
[EventDate "2008.02.02"]
[EventType "swiss"]
[EventRounds "9"]
[EventCountry "RUS"]
[Source "lmi"]
[SourceDate "2008.02.02"]

1. c4 c6 2. e4 d5 3. exd5 cxd5 4. d4 Nf6 5. Nc3 Nc6 6. Bg5 dxc4 7. Bxc4 e6 8.
Nf3 Be7 9. O-O O-O 10. Re1 Nd5 11. Bxd5 exd5 12. Bxe7 Nxe7 13. Qb3 b6 14. Rac1
Be6 15. Nb5 Nf5 16. Ne5 Qg5 17. Nc6 Rfc8 18. Rc3 a6 19. Nba7 Re8 20. Qxb6 Nxd4
21. f4 Qxf4 22. Nxd4 Rab8 23. Qc5 Rxb2 24. Rc2 Reb8 25. Rxb2 Rxb2 26. Qc8+ 1-0

[Event "4. Moscu Open 2008"]
[Site "Moscu RUS"]
[Date "2008.02.02"]
[Round "1.123"]
[White "Shvedchikov, Anatoli I"]
[Black "Markevich, Arseniy"]
[Result "1-0"]
[WhiteElo "2423"]
[BlackElo "2054"]
[PlyCount "79"]
[EventDate "2008.02.02"]
[EventType "swiss"]
[EventRounds "9"]
[EventCountry "RUS"]
[Source "lmi"]
[SourceDate "2008.02.02"]

1. c4 c6 2. Nf3 Nf6 3. Nc3 d5 4. e3 Bg4 5. cxd5 Bxf3 6. gxf3 cxd5 7. d4 e6 8.
a3 a6 9. Bd2 b5 10. a4 b4 11. Na2 Nc6 12. a5 Qd7 13. Qa4 Bd6 14. Nxb4 Nxb4 15.
Bxb4 O-O 16. Bc3 Qc7 17. Be2 Rfe8 18. Kf1 Bxh2 19. f4 Bxf4 20. exf4 Ne4 21. Be1
Qxf4 22. Qa3 e5 23. Qe3 Qf6 24. Bc3 Rac8 25. dxe5 Qc6 26. Bd4 f5 27. Rg1 Re6
28. Qf4 Qc2 29. Rd1 Kh8 30. Ke1 Rf8 31. Bd3 Qa4 32. Bxe4 Qb4+ 33. Bc3 Qxe4+ 34.
Qxe4 dxe4 35. Rd7 Rg8 36. Ke2 f4 37. Rd4 Rxe5 38. Rd7 Rc5 39. Bxg7+ Rxg7 40.
Rd8+ 1-0

[Event "4. Moscu Open 2008"]
[Site "Moscu RUS"]
[Date "2008.02.02"]
[Round "1.124"]
[White "Kreines, Mikhail"]
[Black "Balashov, Yuri S"]
[Result "0-1"]
[WhiteElo "2050"]
[BlackElo "2421"]
[PlyCount "66"]
[EventDate "2008.02.02"]
[EventType "swiss"]
[EventRounds "9"]
[EventCountry "RUS"]
[Source "lmi"]
[SourceDate "2008.02.02"]

1. e4 c5 2. c3 Nf6 3. e5 Nd5 4. d4 cxd4 5. cxd4 d6 6. Bc4 Nb6 7. Bb5+ Bd7 8.
Bxd7+ Qxd7 9. Nf3 Nc6 10. Qe2 e6 11. O-O Be7 12. Nc3 O-O 13. Bf4 d5 14. Rad1
Rae8 15. Rfe1 a6 16. Qc2 f6 17. exf6 Bxf6 18. Ne5 Bxe5 19. Bxe5 Nc4 20. Bg3 b6
21. b3 Nd6 22. Bxd6 Qxd6 23. Qd2 h6 24. Ne2 Qb4 25. Qc2 Rc8 26. Qg6 Rf6 27. Qg4
Ne5 28. Qh3 Ng6 29. Ng3 Nf4 30. Qh4 Rc2 31. Re3 Rxf2 32. Kxf2 Nh3+ 33. Ke2 Rf2+
0-1

[Event "4. Moscu Open 2008"]
[Site "Moscu RUS"]
[Date "2008.02.02"]
[Round "1.125"]
[White "Zherebukh, Yaroslav"]
[Black "Gvilava, Maya"]
[Result "1-0"]
[WhiteElo "2420"]
[BlackElo "2039"]
[PlyCount "69"]
[EventDate "2008.02.02"]
[EventType "swiss"]
[EventRounds "9"]
[EventCountry "RUS"]
[Source "lmi"]
[SourceDate "2008.02.02"]

1. e4 c5 2. Nf3 Nc6 3. d4 cxd4 4. Nxd4 Nf6 5. Nc3 d6 6. f3 e5 7. Nb3 Be7 8. Be3
O-O 9. Qd2 a5 10. Bb5 Na7 11. Be2 Be6 12. Nd5 Nc8 13. c4 Nxd5 14. exd5 Bd7 15.
O-O a4 16. Nc1 f5 17. f4 b6 18. Rb1 Bf6 19. Nd3 Re8 20. b4 axb3 21. axb3 Qe7
22. Rfe1 exf4 23. Bf2 Qf7 24. Nxf4 Rb8 25. Bh5 g6 26. Rxe8+ Qxe8 27. Re1 Ne7
28. Bf3 Qc8 29. Qb4 Qc7 30. Ne6 Qc8 31. Qxd6 Kf7 32. h4 Ng8 33. b4 Be7 34. Ng5+
Bxg5 35. hxg5 1-0

[Event "4. Moscu Open 2008"]
[Site "Moscu RUS"]
[Date "2008.02.02"]
[Round "1.126"]
[White "Usov, Ilia Nik"]
[Black "Borisenko, Andrei"]
[Result "0-1"]
[WhiteElo "2028"]
[BlackElo "2420"]
[PlyCount "106"]
[EventDate "2008.02.02"]
[EventType "swiss"]
[EventRounds "9"]
[EventCountry "RUS"]
[Source "lmi"]
[SourceDate "2008.02.02"]

1. d4 Nf6 2. c4 c5 3. d5 e5 4. Nc3 d6 5. e4 h5 6. Bd3 h4 7. f3 Be7 8. Be3 Nbd7
9. Qd2 Nf8 10. O-O-O a6 11. Nge2 Ng6 12. g3 Bd7 13. Kb1 Qa5 14. Nc1 b5 15. N3e2
Qc7 16. Ka1 Rb8 17. Nc3 Bd8 18. Qg2 Qb7 19. Nb3 Nh7 20. f4 Bf6 21. f5 Ngf8 22.
gxh4 bxc4 23. Na5 Qc7 24. Nxc4 Bb5 25. Na3 c4 26. Be2 Nd7 27. Bg5 Ke7 28. Rhg1
Nhf8 29. Qf2 Nb6 30. Naxb5 axb5 31. Nxb5 Qb7 32. Rd2 Nfd7 33. Rc1 Rhc8 34. Na3
c3 35. Rxc3 Rxc3 36. bxc3 Ra8 37. Nb5 Nc5 38. Rb2 Nba4 39. Rb1 Nxe4 40. Qe3
Nac5 41. c4 Qa6 42. a3 Qa4 43. Ka2 Rb8 44. Rb4 Qc2+ 45. Rb2 Qa4 46. Qc1 Bxg5
47. hxg5 Rh8 48. Rb4 Rxh2 49. Rxa4 Rxe2+ 50. Ka1 Nxa4 51. Qb1 Nec5 52. f6+ gxf6
53. gxf6+ Kd7 0-1

[Event "4. Moscu Open 2008"]
[Site "Moscu RUS"]
[Date "2008.02.02"]
[Round "1.127"]
[White "Kachko, Alexander"]
[Black "Leontiev, Aleksandr V"]
[Result "1-0"]
[WhiteElo "2419"]
[BlackElo "2330"]
[PlyCount "83"]
[EventDate "2008.02.02"]
[EventType "swiss"]
[EventRounds "9"]
[EventCountry "RUS"]
[Source "lmi"]
[SourceDate "2008.02.02"]

1. e4 c5 2. Nc3 Nc6 3. g3 g6 4. Bg2 Bg7 5. d3 d6 6. Be3 Nf6 7. h3 O-O 8. Nge2
Rb8 9. f4 e6 10. O-O b6 11. g4 Ne8 12. Ng3 Nd4 13. Qd2 f5 14. exf5 exf5 15. g5
Nc7 16. Rae1 d5 17. Nd1 Nde6 18. Qf2 d4 19. Bd2 Nd5 20. Kh2 Qd6 21. c4 dxc3 22.
bxc3 Ndc7 23. Nb2 Nd5 24. Nc4 Qd8 25. Ne5 Qd6 26. Re2 Ba6 27. Rfe1 Rbe8 28. c4
Ne7 29. Bc3 Nd4 30. Bxd4 cxd4 31. h4 h5 32. Nf1 Bc8 33. Nd2 b5 34. cxb5 Kh7 35.
Ndc4 Qc5 36. a4 Nd5 37. Nxg6 Kxg6 38. Rxe8 Ne3 39. R8xe3 dxe3 40. Qxe3 Bd4 41.
Qe7 Bg1+ 42. Kh1 1-0

[Event "4. Moscu Open 2008"]
[Site "Moscu RUS"]
[Date "2008.02.02"]
[Round "1.128"]
[White "Adlai, Semion"]
[Black "Ivanov, Alexey"]
[Result "0-1"]
[WhiteElo "2590"]
[BlackElo "2314"]
[PlyCount "62"]
[EventDate "2008.02.02"]
[EventType "swiss"]
[EventRounds "9"]
[EventCountry "RUS"]
[Source "lmi"]
[SourceDate "2008.02.02"]

1. e4 c5 2. c3 Nf6 3. e5 Nd5 4. d4 cxd4 5. Qxd4 e6 6. Nf3 Nc6 7. Qe4 f5 8. Qe2
Qc7 9. g3 Nde7 10. Na3 Ng6 11. Nc4 b5 12. Nd6+ Bxd6 13. exd6 Qxd6 14. Qxb5 Rb8
15. Qa4 Nce5 16. Nd4 Bb7 17. Rg1 Nf3+ 18. Nxf3 Bxf3 19. Be2 Qe5 20. Qc2 O-O 21.
Be3 Bxe2 22. Qxe2 f4 23. gxf4 Nxf4 24. Bxf4 Qxf4 25. Rg3 Rf5 26. b3 Rbb5 27.
Re3 Qxh2 28. O-O-O Rxf2 29. Qd3 Rxa2 30. Qb1 Rba5 31. Rxd7 Qg1+ 0-1

[Event "4. Moscu Open 2008"]
[Site "Moscu RUS"]
[Date "2008.02.02"]
[Round "1.129"]
[White "Matsenko, Sergei"]
[Black "Bochkov, Mikhail"]
[Result "1-0"]
[WhiteElo "2418"]
[BlackElo "2314"]
[PlyCount "89"]
[EventDate "2008.02.02"]
[EventType "swiss"]
[EventRounds "9"]
[EventCountry "RUS"]
[Source "lmi"]
[SourceDate "2008.02.02"]

1. e4 Nf6 2. e5 Nd5 3. d4 d6 4. c4 Nb6 5. exd6 exd6 6. Nc3 Nc6 7. Be2 Be7 8. d5
Ne5 9. f4 Ng6 10. Nf3 c5 11. O-O Bg4 12. Qc2 Bxf3 13. Rxf3 Nd7 14. Bd3 Nf6 15.
a3 O-O 16. Bd2 Re8 17. b4 cxb4 18. axb4 Ng4 19. h3 Nf6 20. Be3 a6 21. Qb3 Qd7
22. Na4 Bd8 23. Nb6 Bxb6 24. Bxb6 Re7 25. Qc2 Qe8 26. Rff1 Nh5 27. Qd2 Ng3 28.
Rf3 Ne4 29. Qc2 Nf6 30. Bd4 Nd7 31. Qb2 f6 32. c5 dxc5 33. bxc5 Rc8 34. Qf2 Qf7
35. d6 Ree8 36. Rc1 Kh8 37. Bc4 Qf8 38. Re3 Rxe3 39. Qxe3 Re8 40. Qf3 b5 41.
Bd5 f5 42. Bc6 Rd8 43. Bxd7 Rxd7 44. Be5 Qc8 45. c6 1-0

[Event "4. Moscu Open 2008"]
[Site "Moscu RUS"]
[Date "2008.02.02"]
[Round "1.130"]
[White "Chizhikov, Vladislav"]
[Black "Pustov, Pavel"]
[Result "0-1"]
[WhiteElo "2590"]
[BlackElo "2413"]
[PlyCount "57"]
[EventDate "2008.02.02"]
[EventType "swiss"]
[EventRounds "9"]
[EventCountry "RUS"]
[Source "lmi"]
[SourceDate "2008.02.02"]

1. e4 d6 2. d4 Nf6 3. Nc3 c6 4. f3 Nbd7 5. Be3 e5 6. Nge2 Be7 7. Qd2 O-O 8. g4
Nb6 9. Ng3 exd4 10. Bxd4 d5 11. O-O-O c5 12. Bxf6 Bxf6 13. Nxd5 Nxd5 14. exd5
Bxg4 15. Qg2 Bxb2+ 16. Kxb2 Qf6+ 17. c3 Bxf3 18. Qc2 Bxd1 19. Qxd1 b5 20. Ne4
Qe5 21. Nxc5 Rfd8 22. Qd4 Rxd5 23. Qxe5 Rxe5 24. Na6 Rd8 25. Kb3 Rd2 26. Nc7
Re1 27. Bg2 Rd7 28. Nd5 Re5 29. Rd1 0-1

[Event "4. Moscu Open 2008"]
[Site "Moscu RUS"]
[Date "2008.02.02"]
[Round "1.131"]
[White "Eliseev, Alexei"]
[Black "Galiaev, Andrey"]
[Result "0-1"]
[WhiteElo "2412"]
[BlackElo "2314"]
[PlyCount "66"]
[EventDate "2008.02.02"]
[EventType "swiss"]
[EventRounds "9"]
[EventCountry "RUS"]
[Source "lmi"]
[SourceDate "2008.02.02"]

1. d4 d5 2. c4 c6 3. Nf3 Nf6 4. e3 e6 5. Bd3 Nbd7 6. Nbd2 Bd6 7. O-O O-O 8. e4
dxe4 9. Nxe4 Nxe4 10. Bxe4 h6 11. b3 Qe7 12. Re1 Nf6 13. Bc2 Rd8 14. Qd3 b6 15.
Bb2 Ba3 16. Bc3 Bb4 17. Bxb4 Qxb4 18. Ne5 Qd6 19. Rad1 Bb7 20. b4 Qxb4 21. Re3
c5 22. d5 exd5 23. Rf3 Re8 24. a3 dxc4 25. Qf5 Qb2 26. Nxc4 Qd4 27. Ne3 Qe5 28.
Rg3 Be4 29. Bxe4 Nxe4 30. Rg4 Nf6 31. Rg3 Rad8 32. Rxd8 Qa1+ 33. Rd1 Qxd1+ 0-1

[Event "4. Moscu Open 2008"]
[Site "Moscu RUS"]
[Date "2008.02.02"]
[Round "1.132"]
[White "Hudaberdin, Ravil"]
[Black "Reprintsev, Alexander"]
[Result "0-1"]
[WhiteElo "2590"]
[BlackElo "2406"]
[PlyCount "96"]
[EventDate "2008.02.02"]
[EventType "swiss"]
[EventRounds "9"]
[EventCountry "RUS"]
[Source "lmi"]
[SourceDate "2008.02.02"]

1. d4 d5 2. c4 e5 3. e3 Nc6 4. dxe5 Bb4+ 5. Nc3 d4 6. exd4 Qxd4 7. Nf3 Qxd1+ 8.
Kxd1 Bxc3 9. bxc3 Bg4 10. Bf4 Nge7 11. Kc2 Ng6 12. Bg3 O-O-O 13. Re1 Rhe8 14.
Bd3 Bxf3 15. Bxg6 hxg6 16. gxf3 Re6 17. f4 Na5 18. Rd1 Rxd1 19. Rxd1 Nxc4 20.
Bh4 f6 21. Rd4 b5 22. a4 c6 23. axb5 cxb5 24. Kb3 Kc7 25. Kb4 Kc6 26. Bg3 a5+
27. Kb3 Re8 28. h4 f5 29. f3 Re7 30. Bf2 Rd7 31. Rxd7 Kxd7 32. Kc2 Kc6 33. Bd4
Kd5 34. Ba7 a4 35. Bf2 Na5 36. Bb6 Nc6 37. Bc7 Kc4 38. Bd6 Nd8 39. Be7 Ne6 40.
Bg5 Kc5 41. Kb2 Kd5 42. Kb1 Nc5 43. Kc2 Kc4 44. Bd8 Ne6 45. Bg5 a3 46. Be7 a2
47. Kb2 Nxf4 48. Kxa2 Kxc3 0-1

[Event "4. Moscu Open 2008"]
[Site "Moscu RUS"]
[Date "2008.02.02"]
[Round "1.133"]
[White "Nyzhnyk, Illya"]
[Black "Kanaev, Sergey"]
[Result "1-0"]
[WhiteElo "2405"]
[BlackElo "2314"]
[PlyCount "35"]
[EventDate "2008.02.02"]
[EventType "swiss"]
[EventRounds "9"]
[EventCountry "RUS"]
[Source "lmi"]
[SourceDate "2008.02.02"]

1. d4 d6 2. e4 a6 3. a4 Nc6 4. Nc3 e5 5. d5 Nce7 6. Bd3 g6 7. Nge2 f5 8. f4 Bg7
9. O-O Bd7 10. Ng3 Qc8 11. exf5 Nxf5 12. Nxf5 Bxf5 13. fxe5 Bxe5 14. Bxf5 Qd8
15. Bh3 Ne7 16. Qf3 Nf5 17. Bxf5 O-O 18. Be6+ 1-0

[Event "4. Moscu Open 2008"]
[Site "Moscu RUS"]
[Date "2008.02.02"]
[Round "1.136"]
[White "Polonsky, Pavel"]
[Black "Gorovykh, Eduard"]
[Result "0-1"]
[WhiteElo "2101"]
[BlackElo "2402"]
[PlyCount "70"]
[EventDate "2008.02.02"]
[EventType "swiss"]
[EventRounds "9"]
[EventCountry "RUS"]
[Source "lmi"]
[SourceDate "2008.02.02"]

1. c4 Nf6 2. Nf3 g6 3. b4 Bg7 4. Bb2 O-O 5. g3 a5 6. b5 c6 7. a4 cxb5 8. axb5
Qc7 9. d3 d5 10. cxd5 Qc5 11. Qb3 Nxd5 12. d4 Qb4+ 13. Qxb4 Nxb4 14. Kd2 Bf5
15. Nh4 Be4 16. f3 Bxb1 17. Rxb1 Rd8 18. e3 e5 19. Bc4 Nd7 20. Ba3 Nb6 21. Bb3
exd4 22. e4 Bf8 23. Rhc1 Rac8 24. f4 Rxc1 25. Rxc1 a4 26. Bd1 Na2 27. Rc2 Nc3
28. Bxf8 Kxf8 29. Bf3 a3 30. Rc1 a2 31. Ra1 Nc4+ 32. Kc2 Ra8 33. e5 Ra5 34. b6
Rb5 35. Ng2 Rb2+ 0-1

[Event "4. Moscu Open 2008"]
[Site "Moscu RUS"]
[Date "2008.02.02"]
[Round "1.137"]
[White "Tjurins, Ilja"]
[Black "Yudin, Sergei"]
[Result "0-1"]
[WhiteElo "2193"]
[BlackElo "2519"]
[PlyCount "64"]
[EventDate "2008.02.02"]
[EventType "swiss"]
[EventRounds "9"]
[EventCountry "RUS"]
[Source "lmi"]
[SourceDate "2008.02.02"]

1. d4 d5 2. c4 e6 3. Nf3 c6 4. g3 dxc4 5. Bg2 b5 6. a4 Bb7 7. O-O Nd7 8. b3
cxb3 9. Qxb3 a6 10. Bb2 Ngf6 11. Rd1 Be7 12. Ne5 Qb6 13. Nc3 O-O 14. Nd3 Rfb8
15. e4 c5 16. axb5 cxd4 17. Ne2 Bxe4 18. Bxe4 Nxe4 19. Nxd4 Bf6 20. Nc6 Qxb5
21. Qa4 Bxb2 22. Nxb2 Nec5 23. Qxb5 Rxb5 24. Nc4 Nb3 25. Rxa6 Rxa6 26. Rxd7 g6
27. Nd6 Rc5 28. Rd8+ Kg7 29. Ne8+ Kh6 30. Ne7 g5 31. Nf6 Ra4 32. h3 Rc7 0-1

[Event "4. Moscu Open 2008"]
[Site "Moscu RUS"]
[Date "2008.02.03"]
[Round "2.1"]
[White "Ivanov, Victor L"]
[Black "Zvjaginsev, Vadim"]
[Result "1/2-1/2"]
[WhiteElo "2495"]
[BlackElo "2677"]
[PlyCount "43"]
[EventDate "2008.02.02"]
[EventType "swiss"]
[EventRounds "9"]
[EventCountry "RUS"]
[Source "lmi"]
[SourceDate "2008.02.02"]

1. e4 e5 2. Nf3 Nc6 3. Bc4 Bc5 4. c3 Nf6 5. d3 Bb6 6. Nbd2 O-O 7. O-O d6 8. Bb3
Ne7 9. Re1 Ng6 10. Nf1 h6 11. Ng3 c6 12. h3 d5 13. exd5 Nxd5 14. d4 exd4 15.
Nxd4 Bc7 16. Ndf5 Qf6 17. Bc2 Bxf5 18. Nxf5 Rfe8 19. Bd2 Bf4 20. Bxf4 Ngxf4 21.
Qf3 h5 22. c4 1/2-1/2

[Event "4. Moscu Open 2008"]
[Site "Moscu RUS"]
[Date "2008.02.03"]
[Round "2.2"]
[White "Timofeev, Artyom"]
[Black "Tarlev, Konstantin"]
[Result "1-0"]
[WhiteElo "2664"]
[BlackElo "2492"]
[PlyCount "101"]
[EventDate "2008.02.02"]
[EventType "swiss"]
[EventRounds "9"]
[EventCountry "RUS"]
[Source "lmi"]
[SourceDate "2008.02.02"]

1. d4 Nf6 2. c4 e6 3. Nc3 Bb4 4. f3 Nc6 5. e4 e5 6. a3 Bxc3+ 7. bxc3 d6 8. Be3
Nd7 9. Bd3 Na5 10. f4 b6 11. Nf3 Ba6 12. Qe2 Qe7 13. O-O O-O-O 14. c5 Bxd3 15.
Qxd3 dxc5 16. Qa6+ Kb8 17. fxe5 f6 18. Bf4 Rc8 19. Rae1 fxe5 20. Bxe5 cxd4 21.
cxd4 Nxe5 22. Nxe5 Qd6 23. Qd3 Rhe8 24. Nf3 Nc6 25. Qc3 Rcd8 26. d5 Ne5 27. Nd4
c6 28. Nf5 Qd7 29. Rd1 g6 30. Ne3 cxd5 31. Nxd5 Qd6 32. h3 Rc8 33. Qg3 Nc4 34.
Qxd6+ Nxd6 35. Nxb6 Rcd8 36. Nd5 Rxe4 37. Rb1+ Kc8 38. Nf6 Re7 39. Rfc1+ Rc7
40. Nxh7 Nc4 41. Ng5 Rd6 42. Rb3 Ne5 43. Re1 Rd5 44. Ne6 Rc4 45. Rg3 Rc6 46.
Nf4 Rd4 47. Rxe5 Rxf4 48. Re7 Ra4 49. Rg7 Raa6 50. Rf3 Rc7 51. Rg8+ 1-0

[Event "4. Moscu Open 2008"]
[Site "Moscu RUS"]
[Date "2008.02.03"]
[Round "2.3"]
[White "Safin, Shukhrat"]
[Black "Amonatov, Farrukh"]
[Result "1/2-1/2"]
[WhiteElo "2493"]
[BlackElo "2649"]
[PlyCount "124"]
[EventDate "2008.02.02"]
[EventType "swiss"]
[EventRounds "9"]
[EventCountry "RUS"]
[Source "lmi"]
[SourceDate "2008.02.02"]

1. d4 Nf6 2. c4 e6 3. Nc3 Bb4 4. e3 c5 5. Nge2 cxd4 6. exd4 d5 7. a3 Be7 8. Nf4
O-O 9. cxd5 Nxd5 10. Ncxd5 exd5 11. Bd3 Bf6 12. O-O Nc6 13. Be3 g6 14. Rc1 Qd6
15. Rc5 Be6 16. Nxe6 Qxe6 17. Bb1 b6 18. Rc1 Na5 19. Re1 Qd6 20. Bd3 Rfe8 21.
g3 Qd7 22. Ba6 Re6 23. Qd3 h5 24. Bb5 Qb7 25. Ba6 Qd7 26. Re2 Rd8 27. Rec2 Nc4
28. Bxc4 dxc4 29. Rxc4 h4 30. Qf1 Rd6 31. Rd1 Rd5 32. a4 a6 33. b3 b5 34. axb5
axb5 35. Rc2 Kg7 36. Qg2 Qg4 37. Rcd2 hxg3 38. hxg3 R8d7 39. Rd3 Rd8 40. R3d2
R8d7 41. Rd3 Rd8 42. Kf1 R8d7 43. f3 Qe6 44. g4 Kg8 45. Qd2 Rd8 46. Kg2 Bg7 47.
Bf2 Qd6 48. Qe2 Qc6 49. R1d2 f5 50. Rc2 Qd7 51. gxf5 Rxf5 52. Qe4 Rg5+ 53. Bg3
Re8 54. Qf4 Rf5 55. Qg4 Qe7 56. d5 Rg5 57. d6 Rxg4 58. dxe7 Rg5 59. Re2 Kf7 60.
Kf2 Rh5 61. Bd6 Bf6 62. Re4 Bxe7 1/2-1/2

[Event "4. Moscu Open 2008"]
[Site "Moscu RUS"]
[Date "2008.02.03"]
[Round "2.4"]
[White "Tiviakov, Sergei"]
[Black "Friedel, Joshua E"]
[Result "1-0"]
[WhiteElo "2649"]
[BlackElo "2487"]
[PlyCount "69"]
[EventDate "2008.02.02"]
[EventType "swiss"]
[EventRounds "9"]
[EventCountry "RUS"]
[Source "lmi"]
[SourceDate "2008.02.02"]

1. e4 e5 2. Nf3 Nc6 3. Bb5 a6 4. Ba4 Nf6 5. Qe2 b5 6. Bb3 Bc5 7. d3 d6 8. c3 h6
9. O-O O-O 10. Be3 Re8 11. Nbd2 Ng4 12. Bd5 Nxe3 13. fxe3 Bb7 14. Qf2 Rf8 15.
d4 Bb6 16. Nh4 Kh7 17. Qf5+ Kh8 18. Qh3 exd4 19. cxd4 Rb8 20. Bxf7 Ne7 21. Qe6
Kh7 22. Nf5 Nxf5 23. Rxf5 Kh8 24. Rh5 Qf6 25. Qxf6 gxf6 26. Bd5 c6 27. Be6 Kg7
28. Rf1 Rbe8 29. Bf5 Bc8 30. Bxc8 Rxc8 31. Nf3 Rce8 32. Nh4 Rxe4 33. Nf5+ Kg6
34. Rxh6+ Kg5 35. Rh7 1-0